000 00267 a2200121 4500
001 194942
040 _cMagnum
100 _aSARAMAGO, José
240 1 0 _aA maior flor do mundo
_lpor
245 1 0 _aA maior flor do mundo
697 _aLITERATURA INFANTIL
942 _cBK
999 _c194942
_d194942